[Event "Bergen Sommer op-A"]
[Site "Bergen"]
[Date "2007.08.07"]
[Round "3"]
[White "Bryn, Thomas"]
[Black "Sorgjerd, Jan"]
[Result "1/2-1/2"]
[WhiteElo "1952"]
[BlackElo "2015"]
[PlyCount "104"]
[EventDate "2007.08.05"]
[EventType "swiss"]
[EventRounds "6"]
[EventCountry "NOR"]
[SourceTitle "CBM 119 Extra"]
[Source "ChessBase"]
[SourceDate "2007.09.04"]
[SourceVersion "1"]
[SourceVersionDate "2007.09.04"]
[SourceQuality "1"]

1. d4 d5 2. c4 c6 3. Nc3 Nf6 4. cxd5 cxd5 5. Bf4 Nc6 6. e3 e6 7. Bd3 Bd6 8. Bxd6 Qxd6 9. Nf3 0-0 10. 0-0 Bd7 11. Qd2 Rac8 12. Rac1 Rfe8 13. Rfd1 h6 14. h3 Kh8 15. Bb1 Red8 16. Qe2 Be8 17. a3 Kg8 18. b4 a6 19. Qc2 Na7 20. Qb3 Rc7 21. Ne5 Rdc8 22. Na2 Rxc1 23. Rxc1 Rxc1+ 24. Nxc1 Qc7 25. Qc2 Qxc2 26. Bxc2 Kf8 27. Kf1 Ke7 28. Ke1 Nd7 29. Ncd3 Nxe5 30. Nxe5 f6 31. Nd3 b6 32. Kd2 Kd6 33. f4 Bd7 34. Ne1 Nb5 35. a4 Na3 36. Bd3 Nc4+ 37. Bxc4 dxc4 38. a5 b5 39. e4 Bc6 40. Ke3 f5 41. e5+ Kc7 42. g4 g6 43. g5 h5 44. h4 Be4 45. d5 exd5 46. Kd4 Kc6 47. Kc3 Kd7 48. Kd4 Ke7 49. Kc3 Ke6 50. Kd4 Kd7 51. Kc3 Kc7 52. Kd4 Kc6 1/2-1/2

[Event "NOR-chT2"]
[Site "Oslo"]
[Date "2006.06.10"]
[Round "4"]
[White "Gabrielsen, Trond"]
[Black "Sorgjerd, Jan"]
[Result "1-0"]
[WhiteElo "2281"]
[BlackElo "2144"]
[PlyCount "81"]
[EventDate "2006.06.07"]
[EventType "team"]
[EventRounds "5"]
[EventCountry "NOR"]
[SourceTitle "CBM 112 Extra"]
[Source "ChessBase"]
[SourceDate "2006.07.14"]
[SourceVersion "1"]
[SourceVersionDate "2006.07.14"]
[SourceQuality "1"]

1. e4 c5 2. c3 d5 3. exd5 Qxd5 4. d4 Nf6 5. Nf3 Bg4 6. dxc5 Qxd1+ 7. Kxd1 e5 8. b4 Nc6 9. Kc2 Be7 10. Bb5 Bxf3 11. gxf3 Nd5 12. Re1 0-0-0 13. Bxc6 bxc6 14. Nd2 f6 15. Nc4 Rhe8 16. Bd2 Bf8 17. Na5 Kc7 18. c4 Nf4 19. Bxf4 exf4 20. Rad1 Rb8 21. a3 g6 22. Nb3 Rbd8 23. Rxd8 Kxd8 24. Rxe8+ Kxe8 25. b5 Kd7 26. Kc3 f5 27. Kb4 Bg7 28. Na5 cxb5 29. cxb5 Kc7 30. Kc4 Bf6 31. Kd5 Bh4 32. Nc6 Kb7 33. Kd6 Bxf2 34. Ne7 Kb8 35. c6 Bb6 36. Nd5 Kc8 37. Nxb6+ axb6 38. Ke5 g5 39. Kxf5 h6 40. Kg4 Kc7 41. h4 1-0

[Event "NOR-chT2"]
[Site "Oslo"]
[Date "2006.06.09"]
[Round "3"]
[White "Bue, Gunnar"]
[Black "Sorgjerd, Jan"]
[Result "1-0"]
[WhiteElo "1856"]
[BlackElo "2144"]
[PlyCount "81"]
[EventDate "2006.06.07"]
[EventType "team"]
[EventRounds "5"]
[EventCountry "NOR"]
[SourceTitle "CBM 112 Extra"]
[Source "ChessBase"]
[SourceDate "2006.07.14"]
[SourceVersion "1"]
[SourceVersionDate "2006.07.14"]
[SourceQuality "1"]

1. d4 d5 2. c4 e6 3. e3 Nf6 4. Nf3 Be7 5. Bd3 0-0 6. 0-0 b6 7. b3 Bb7 8. Bb2 Nbd7 9. Nc3 c5 10. Qe2 Ne4 11. cxd5 exd5 12. Rac1 Bf6 13. Bxe4 dxe4 14. Nd2 Re8 15. dxc5 Nxc5 16. Rc2 Ba6 17. Nc4 b5 18. Rd1 Qb8 19. Nd6 Re6 20. Nxf7 b4 21. Nh6+ gxh6 22. Qg4+ Bg7 23. Nd5 Rg6 24. Ne7+ Kf7 25. Nxg6 Bxb2 26. Rxc5 Bc8 27. Rf5+ Bf6 28. Nh8+ Ke7 29. Qxe4+ Be6 30. Rd7+ Kxd7 31. Rxf6 Qd6 32. Qb7+ Qc7 33. Qxc7+ Kxc7 34. Rxe6 Rxh8 35. Rxh6 Rd8 36. Rxh7+ Kb6 37. Rh6+ Kb5 38. Rh5+ Kb6 39. g4 Rd2 40. g5 Rxa2 41. g6 1-0

[Event "NOR-chT fin"]
[Site "Oslo"]
[Date "2002.05.12"]
[Round "5"]
[White "Hagesaether, Halvard"]
[Black "Sorgjerd, Jan"]
[Result "1/2-1/2"]
[WhiteElo "2256"]
[BlackElo "2147"]
[PlyCount "45"]
[EventDate "2002.05.08"]
[EventType "team"]
[EventRounds "5"]
[EventCountry "NOR"]
[SourceTitle "CBM 088 Extra"]
[Source "ChessBase"]
[SourceDate "2002.07.01"]
[SourceVersion "2"]
[SourceVersionDate "2002.07.01"]
[SourceQuality "1"]

1. e4 c5 2. Nf3 d6 3. c3 Nf6 4. Be2 Nc6 5. d4 cxd4 6. cxd4 d5 7. e5 Ne4 8. Qb3 e6 9. 0-0 Be7 10. Be3 0-0 11. Nc3 f5 12. exf6 Bxf6 13. Bd3 Ng5 14. Nxg5 Bxg5 15. Ne2 Bf6 16. Rad1 Kh8 17. Bb1 g6 18. Nf4 Rf7 19. a3 Qd6 20. g3 b6 21. Rfe1 Bd7 22. Kg2 Kg8 23. Re2 1/2-1/2

[Event "NOR-chT qualifier"]
[Site "Norway"]
[Date "2002.??.??"]
[Round "9"]
[White "Sorgjerd, Jan"]
[Black "Hole, Oystein"]
[Result "1/2-1/2"]
[WhiteElo "2147"]
[BlackElo "2248"]
[PlyCount "116"]
[EventDate "2001.11.??"]
[EventType "team"]
[EventRounds "9"]
[EventCountry "NOR"]
[SourceTitle "EXT 2003"]
[Source "ChessBase"]
[SourceDate "2002.11.25"]
[SourceVersion "1"]
[SourceVersionDate "2002.11.25"]
[SourceQuality "1"]

1. d4 d5 2. c4 c6 3. Nf3 Nf6 4. Nc3 dxc4 5. a4 Bf5 6. e3 e6 7. Bxc4 Bb4 8. 0-0 0-0 9. Qb3 Qe7 10. Nh4 Bg6 11. f3 a5 12. Nxg6 hxg6 13. e4 e5 14. Be3 Nbd7 15. d5 Rad8 16. Qc2 Bc5 17. Qf2 Bxe3 18. Qxe3 Qb4 19. Ba2 Nb6 20. Rfd1 cxd5 21. Bxd5 Nfxd5 22. Nxd5 Nxd5 23. exd5 Qxb2 24. Rab1 Qc2 25. Qxe5 Rfe8 26. Qb2 Qxa4 27. Qxb7 Qc2 28. Rbc1 Qe2 29. Qb6 Rc8 30. Qd4 Rxc1 31. Rxc1 Qe3+ 32. Qxe3 Rxe3 33. Ra1 Rd3 34. Rxa5 Kf8 35. h3 Rd2 36. Kh2 Ke7 37. h4 Kf6 38. Kh3 Rd4 39. g4 Ke5 40. Ra7 Rf4 41. Kg3 Rf6 42. Rd7 Kd4 43. Kf2 Rf4 44. d6 Kd5 45. Rd8 Ke6 46. Rg8 Kxd6 47. Rxg7 Ke7 48. Rg8 Ra4 49. Kg3 Ra5 50. Rh8 Kf6 51. g5+ Kg7 52. Rb8 Ra1 53. Rb2 Ra4 54. Rf2 Ra3 55. Kg4 Ra4+ 56. f4 Rb4 57. h5 gxh5+ 58. Kxh5 Rb1 1/2-1/2